000 00754nam a2200253 a 4500
001 66630
003 BD-RjUL
005 20211209081549.0
008 170318s1984 maua b 001 0 eng
020 _a0205080871 (pbk.) :
_c$21.25
035 _a(BD-RjUL)66760
040 _aDLC
_cDLC
_dDLC
_dBD-RjUL
_beng
041 _aeng
082 0 0 _a155.2
_223
_bBEP 1984
100 1 _aBelkin, Gary S.
_9197259
245 1 0 _aPsychology of adjustment /
_cGary S. Belkin and Stanley Nass.
260 _aBoston :
_bAllyn and Bacon,
_cc1984.
300 _axii, 492 p. :
_bill. ;
_c24 cm.
500 _aIncludes indexes.
504 _aBibliography: p. [475]-[491]
650 0 _aAdjustment (Psychology)
_9197260
700 1 _aNass, Stanley.
_9197261
942 _2ddc
_cBK
999 _c66630
_d66630